000 00899nam a2200265 i 4500
001 bg
100 1 _aKunicki-Goldfinger, Władysław
_d(1916-1995).
245 1 0 _aŻycie bakterii /
_cWładysław J. H. Kunicki-Goldfinger.
250 _aWyd. nowe [7 zm.] /
_bred. nauk. Jadwiga Baj, Zdzisław Markiewicz ; tekst unowocześnili i uzup. J. Baj [et al.].
260 _aWarszawa :
_bWydawnictwo Naukowe PWN,
_c1998.
300 _a615, [1] s. :
_bfot., portr., rys., wykr. ;
_c25 cm.
504 _aBibliogr. s. 577-579. - Indeks.
521 _aPodręcznik akademicki.
650 9 _aBakteriologia
655 _aPodręczniki akademickie
700 1 _aBaj, Jadwiga.
_eRed.
700 1 _aMarkiewicz, Zdzisław.
_eRed.
020 _a8301127864
040 _cBPK
041 0 _apl
080 _a579.8(075.8)
920 _a83-01-12786-4
942 _cKS
008 s pl f |000 0 pol
999 _c34183
_d34183
856 _uhttp://koha.tu.koszalin.pl/cgi-bin/koha/opac-detail.pl?biblionumber=34183
_yKatalog online BPK